| Tag |
First Indicator |
Second Indicator |
Subfields |
| LEADER |
00000cam a2200000 a 4500 |
| 001 |
in00000005802 |
| 005 |
20150927173057.0 |
| 008 |
990916s1999 caub b f000 0 eng d |
| 035 |
|
|
|a (OCoLC)42377498
|
| 035 |
|
|
|9 AJJ7619AM
|
| 040 |
|
|
|d GPO
|d DLC
|d MvI
|d UtOrBLW
|
| 049 |
|
|
|a UDOC
|a WWW
|
| 074 |
|
|
|a 0830-H-09
|
| 086 |
0 |
|
|a NAS 1.12/7:400-823
|
| 088 |
|
|
|a JPL 400-823
|
| 090 |
|
|
|a QE33.2.A7
|b .S44 1998
|
| 245 |
0 |
0 |
|a Seeing Earth in a new way :
|b SIR-C/X-SAR.
|
| 246 |
3 |
0 |
|a SIR-C/X-SAR
|
| 264 |
|
1 |
|a Pasadena, Calif. :
|b National Aeronautics and Space Administration, Jet Propulsion Laboratory, California Institute of Technology,
|c [1999]
|
| 300 |
|
|
|a 90 pages :
|b maps (some color) ;
|c 22 x 28 cm.
|
| 336 |
|
|
|a text
|b txt
|2 rdacontent
|
| 337 |
|
|
|a unmediated
|b n
|2 rdamedia
|
| 338 |
|
|
|a volume
|b nc
|2 rdacarrier
|
| 500 |
|
|
|a Cover title.
|
| 500 |
|
|
|a Shipping list number: 99-0316-P.
|
| 500 |
|
|
|a Shipping List #: 99-0316-P
|
| 500 |
|
|
|a Shipping List Date: 07/29/99
|
| 504 |
|
|
|a Includes bibliographical references.
|
| 500 |
|
|
|a "JPL 400-823"--P. [4] of cover.
|
| 500 |
|
|
|a "5/99"--P. [4] of cover.
|
| 650 |
|
0 |
|a Artificial satellites in earth sciences.
|
| 650 |
|
0 |
|a Remote-sensing images.
|
| 650 |
|
7 |
|a SYNTHETIC APERTURE RADAR.
|2 nasat
|
| 650 |
|
7 |
|a Remote sensing.
|2 nasat
|
| 650 |
|
7 |
|a Mapping.
|2 nasat
|
| 710 |
2 |
|
|a Jet Propulsion Laboratory (U.S.)
|
| 856 |
4 |
|
|v Latest images:
|u http://www.jpl.nasa.gov/radar/sircxsar/
|t 0
|
| 999 |
|
|
|a MARS
|
| 999 |
f |
f |
|s 6dae78d5-62b2-3ea6-af51-ed7e700d7015
|i da88543b-c48c-3151-b125-f0829a111b6d
|t 0
|
| 952 |
f |
f |
|p normal
|a Texas A&M University
|b College Station
|c Sterling C. Evans Library
|d Evans: US Documents (Annex 5th floor)
|t 0
|e NAS 1.12/7:400-823
|h Superintendent of Documents classification
|i unmediated -- volume
|m A14824279165
|
| 952 |
f |
f |
|a Texas A&M University
|b College Station
|c Electronic Resources
|d Available Online
|t 0
|e NAS 1.12/7:400-823
|h Superintendent of Documents classification
|
| 998 |
f |
f |
|a NAS 1.12/7:400-823
|t 0
|l Evans: US Documents (Annex 5th floor)
|
| 998 |
f |
f |
|a NAS 1.12/7:400-823
|t 0
|l Available Online
|